000 01896nam a22003377i 4500
001 B-12609
003 CO-BoFNCP
007 t||
008 090929s2008 my a f z eng d
040 _aCO-BoFNCP
_bspa
_cCO-BoFNCP
_erda
041 _aeng
043 _amy
084 _aA-
100 1 _aHensen, Ian E.
_941384,
_eautor.
_4aut
245 1 4 _aThe carbon cost of palm oil production in Malaysia.
264 4 _c©2008
300 _apáginas 445-464 :
_bTablas, gráficos.
336 _atexto
_btxt
_2rdacontent
337 _asin mediación
_bn
_2rdamedia
338 _avolumen
_bnc
_2rdacarrier
504 _aIncluye referencias bibliográficas.
520 _aAgriculture, in common with other industries, is increasingly being required to account for its contribution to greenhouse gas (GHG) emissions, which are driving global warming, and climate change. In Malaysia, the dominant presence of oil palm, which now occupies some 13 percent of the total land area (18% in the Peninsular; 2006 figures), justifies particular attention. This paper summarises the results of a recent study, which evaluates the balance between sequestration and emission of GHG resulting from oil palm cultivation, associated land use change, and processing of products in the palm oil mill. The study, which covers the 25 years from 1981 to 2005, quantifies the major sinks and sources of C and evaluates the C balance, using a number of alternative options and assumptions. The main results are outlined here and probable future developments, likely to impact on the balance, are evaluated.
650 0 _acaptura de carbono
_936678.
650 0 _aEfecto invernadero.
_99002
650 0 _aUso de la tierra
_931087.
650 0 _aPalma de aceite
_937678.
773 0 _aThe Planter (Malasia)
_gv. 84, no. 988 (2008), p.445-464
_wA-
_x0126-575x
942 _2z
_c1
999 _c26581
_d26581
999 _z1